IMPLEMENTÁCIA ZNALOSTNÉHO MANAŽMENTU V STRATÉGII ROZVOJA VÝROBY

Bibliographic Details
Main Author: Dupaľ, Andrej, 1954- (Author)
Format: Article
Language:Slovak
ISBN:8023304437

MARC

LEADER 00000naa a2200000uu 4500
001 vtls010939975
003 SK-MaSNL
005 20260302123004.0
008 210910|2001 xo |||||||||||||||||slo|
015 |a SNBRA 
035 |a (urnnbn)urn:nbn:sk:snk:ar-a0baxh 
035 |a (uuid)ba1a8aa1-6a3f-44cd-8916-55f01e60fdc7 
035 |a urn:nbn:sk:snk-aau37v 
040 |a SNKBUCL  |b slo  |c SNKBUCL  |e AACR2 
041 0 |a slo 
044 |a xo  |c SK 
100 1 |a Dupaľ, Andrej,  |d 1954-  |4 aut  |9 209055 
245 1 0 |a IMPLEMENTÁCIA ZNALOSTNÉHO MANAŽMENTU V STRATÉGII ROZVOJA VÝROBY  |c Andrej Dupaľ 
773 0 |t Znalostný manažment - kľúč k úspechu  |d Bratislava : Dom techniky ZSVTS, 2001  |g S. 185-192  |z 8023304437 
958 |a OND 
958 |a article11 
958 |a chapter 
999 |c 1280713  |d 1282643